Obálka Náhled e-knihy:
PDF Epub
Pro půjčování e-knih musíte být přihlášeni.
Jak si půjčit online?

Přesýpací hodiny /

Stereotypní život rodiny Stehlíků znenadání naruší záhadný lístek ve schránce. Dozví se, že zemřel strýc z maminčiny strany a odkázal jí starodávné přesýpací hodiny. Ještě větší záhadou je, že tyto hodiny nepřesýpají písek, který je uložen v nádobách hodin. Zvědavost a smysluplné pátrání staršího sy...

Celý popis

Uloženo v:
Hlavní autor: Jakoubková, Marie (Autor)
Médium: E-kniha
Jazyk:Czech
Vydáno: Praha : E-knihy jedou, 2020
Tagy:
Žádné tagy
LEADER 01557nam a22002297i 4500
001 311197
007 ta
008 260601s2020 xr ||||| |||| 00| 0 cze d
020 |a 9990002068560 
044 |a xr 
100 1 |a  Jakoubková, Marie  |4 aut 
245 1 0 |a Přesýpací hodiny /  |c  Jakoubková, Marie 
264 1 |a Praha :  |b E-knihy jedou,  |c 2020 
300 |a 1 online zdroj (74 stran) 
336 |a text  |b txt  |2 rdacontent 
337 |a bez média  |b n  |2 rdamedia 
338 |a online zdroj  |b cr  |2 rdacarrier 
520 2 |a Stereotypní život rodiny Stehlíků znenadání naruší záhadný lístek ve schránce. Dozví se, že zemřel strýc z maminčiny strany a odkázal jí starodávné přesýpací hodiny. Ještě větší záhadou je, že tyto hodiny nepřesýpají písek, který je uložen v nádobách hodin. Zvědavost a smysluplné pátrání staršího syna Reného dovede postupně všechny na zajímavé zjištění o historii rodiny, o předcích, rodinném bohatství, a rázem se tak ze zcela stereotypního života stane ten nejdobrodružnější a nejúžasnější začátek nové životní epochy rodiny. 
910 |a RBIT002 
998 |d 206856  |a https://core.palmknihy.cz/api/books/206856/cover?qazwxx  |b https://core.palmknihy.cz/api/books/206856/cover/400?qazwxx  |c https://core.palmknihy.cz/api/books/206856/cover/50?qazwxx  |e   |g 74  |i 9990002068560  |j https://core.palmknihy.cz/api/books/206856/preview.epub  |k https://core.palmknihy.cz/api/books/206856/preview.pdf  |l   |q 49  |r 1  |s https://www.palmknihy.cz/kniha/206856  |t ebook  |y 2020  |z 1 
999 |d 311195